00293nam a2200109Ia 4500008004100000245004600041260004800087260000900135300000900144500001400153650001600167170224s9999 xx 000 0 und d aHierarchy, leadership, and construal fit. bJournal of Experimental Psychology: Applied c2014 a20:3 aSeptember xPsychology.